| 000 | 00740nam a22001815i 4500 | ||
|---|---|---|---|
| 001 | 171466 | ||
| 003 | ES-MaACL | ||
| 005 | 20230906214636.0 | ||
| 008 | 090518s1949 sp |||| | spa d | ||
| 080 | _a821.134.2-4"19" | ||
| 100 | 1 |
_aSolá, Víctor María de. _9140186 |
|
| 245 | 1 | 3 |
_aEl español frente al bosque, la montaña y el mar _b: ensayos / _cVíctor María de Solá ; prólogo de Excmo. Sr. D. Francisco Bastarreche y Diez de Bulnes ; epílogo del Excmo. Sr. D. Octavio Elorrieta y Artaza. |
| 260 |
_aMadrid : _b[s.n.], _c1949 ( _fAfrodisio Aguado) |
||
| 300 |
_a266 p. ; _c22 cm. |
||
| 700 | 1 |
_aBastarreche y Diez de Bulnes, Francisco. _9140187 |
|
| 700 | 1 |
_aElorrieta, Octavio. _947087 |
|
| 852 |
_aES-MaACL _jD-8035 _9R.29685 |
||
| 999 |
_c171466 _d171466 |
||